01225nab a22002657a 4500999001500000003000400015005001700019008004100036040001100077100004100088245010400129260007300233300001300306500003800319505019700357505008900554650002900643650002300672650002400695650003000719650001900749650003600768773014200804942001300946 c5360d5360OSt20250225211311.0190603e xxum|||| |||| 00| 0 spa d cPJ-TDF 94780aLafferriére, Jorge Nicolás10aPrevención del suicidio : bmarco normativo nacional y provincial /cJorge Nicolás Lafferriere. cCiudad Autónoma de Buenos Aires :aThomson Reuters La Ley, b2024. ap. 27-35 aCita: TR LALEY AR/DOC/2343/2024.  aSumario: I. Introducción.— II. La ley 26.657 de Salud Mental.— III. La ley 27.130 de Prevención del Suicidio.— IV. Adhesiones provinciales a la ley 27.130.— V. Balance conclusivo.  t¿Te interesa el texto completo? Solicitalo al correo: koha@justierradelfuego.gov.ar 091253aDERECHO A LA SALUD 091272aSALUD MENTAL 094514aSALUD PUBLICA 095365aASISTENCIA MÉDICA 092925aSUICIDIO 092930aPREVENCIÓN DEL SUICIDIO0 0271393170dCiudad Autónoma de Buenos Aires : Thomson Reuters La Ley, 2015-tRevista Código Civil y Comercial. Nº 6 - Diciembre 2024 2udccANA